Vvedenije v ekonomičeskuju geografiju

Gespeichert in:
Bibliographische Detailangaben
1. Verfasser: Sauškin, Julian Glebovič
Format: Buch
Sprache:Russisch
Veröffentlicht: Moskva Univerzitet 1970
Ausgabe:2. dopln. a upr. vyd.
Tags: Tag hinzufügen
Keine Tags, Fügen Sie das erste Tag hinzu!

MARC

LEADER 00000nam a2200000 4500
001 c120523
005 20041019155217.2
041 0 |a rus 
044 |a RU 
245 1 0 |a Vvedenije v ekonomičeskuju geografiju  |c Julian Glebovič Sauškin 
250 |a 2. dopln. a upr. vyd. 
264 1 |a Moskva  |b Univerzitet  |c 1970 
300 |a 338 s. 
100 1 |a Sauškin, Julian Glebovič